[Event "Winter CCCSA-GM 2020"]
[Site "Charlotte"]
[Date "2020.01.20"]
[Round "8.1"]
[White "Mishra, Abhimanyu"]
[Black "Plotkin, Mark"]
[Result "0-1"]
[WhiteElo "2397"]
[BlackElo "2395"]
[Annotator "TA"]
[PlyCount "100"]
[EventDate "2020.01.17"]
[EventType "tourn"]
[EventCountry "USA"]
[SourceTitle "playchess.com"]
[Source "ChessBase"]
[SourceQuality "1"]

{[%evp 14,100,0,-14,0,0,0,0,0,16,68,50,56,48,102,89,88,82,96,61,204,183,221,222,185,222,212,214,250,93,90,87,98,65,37,31,41,36,123,0,0,-139,-138,-127,-111,-117,-88,-88,-92,-87,-72,-100,-82,-220,-235,-217,-100,-226,-222,-220,-241,-384,-341,-504,-533,-504,-405,-504,0,-381,-260,-775,-772,-775,-725,-920,-739,-747,-736,-722,-736,-729,-695,-604,-543,-1489,-1306,-29989,-29990]} 1. e4 e5 2. Nf3 Nc6 3. d4 exd4 4. Nxd4 Nf6 5. Nxc6 bxc6 6. e5 Qe7 7. Qe2 Nd5 8. h4 Qe6 {C45: Scotch Game} 9. Nd2 Nb4 10. Nf3 Ba6 {The position is equal.} 11. c4 $1 {With the idea Nd4.} d5 (11... Qg6 $11 12. Kd1 c5) 12. a3 $1 $14 Bxc4 13. Qd1 $1 Bxf1 (13... Na6 $1 $14) 14. Kxf1 $16 Na6 15. b4 Be7 $146 ({Predecessor:} 15... c5 16. Qa4+ Kd8 17. Ng5 Qg6 18. e6 Qd3+ 19. Kg1 Bd6 20. Qd7# {1-0 (20) Morozevich,A (2683)-Sychev,K (2445) Moscow 2016}) 16. Bg5 c5 (16... Bxg5 $14 17. hxg5 Qg6) 17. Qa4+ $18 Kf8 18. Bxe7+ Kxe7 19. Ng5 Qb6 {[#]} 20. e6 $1 {[%mdl 512]} c6 (20... fxe6 21. Re1) 21. Nxf7 $2 (21. exf7 $18 {and the rest is easy.} Qb5+ 22. Qxb5 cxb5 23. Re1+ Kd7 24. Rh3) 21... Rhf8 {[%cal Rc5b4]} 22. Qc2 cxb4 {Threatens to win with ...b3.} 23. Re1 $1 Nc5 $1 {Strongly threatening ...b3.} 24. axb4 Ne4 ({Much weaker is} 24... Nxe6 $6 25. Ng5 $18) 25. Rh3 h6 ({Black should play} 25... a5 $14) 26. Rf3 (26. Rhe3 $1 $16) 26... Qxb4 $11 {[#] And now ...Nd2+ would win.} 27. Re2 (27. Rxe4 $1 $11 {[%mdl 512] remains equal.} dxe4 (27... Qxe4 28. Qc5+) 28. Rb3) 27... Rab8 $36 {[%mdl 2048] White must now prevent ...Qb1+. Black is really pushing.} 28. Qxc6 {[%csl Ge6][%cal Rc6d7]} Qb1+ 29. Re1 {[%csl Ge6][%cal Rc6d7]} Qb5+ 30. Qxb5 Rxb5 31. Kg1 Rc8 ({Avoid the trap} 31... Kxe6 $2 {[#]} 32. Ng5+ $1 {[%mdl 512]} hxg5 33. Rxf8 $18) 32. Rf4 Rbc5 {Hoping for ...Rc1.} 33. f3 (33. Kh2 $17) 33... Rc1 $19 34. Rxc1 Rxc1+ {[%mdl 4096] Endgame KRN-KRN} 35. Kh2 Nc5 ({Weaker is} 35... Kxe6 36. fxe4 dxe4 37. Nd8+ Kd7 38. Nb7 $16) 36. Ne5 Kxe6 37. Ng6 (37. Nc6 {only move.}) 37... a5 38. Rd4 (38. Kg3 $142 a4 39. Rd4) 38... Rc4 39. Rd2 Nb3 40. Rd3 Nc5 $2 (40... a4 $19 41. Re3+ Kd6) 41. Re3+ $2 {[%mdl 8192]} (41. Rd2 $1 $11 d4 42. Kg3) 41... Kf6 42. h5 $2 (42. Ne7 Rxh4+ 43. Kg3) 42... d4 43. Re8 d3 44. Rc8 a4 {aiming for ...d2.} 45. Rc6+ Ne6 46. Rxc4 d2 47. Rxa4 d1=Q 48. Re4 Qd6+ 49. f4 Qd1 50. Kg3 Qd3+ {[%mdl 64] Double Attack. Accuracy: White = 51%, Black = 60%.} 0-1

[Event "Winter CCCSA-GM 2020"]
[Site "Charlotte"]
[Date "2020.01.20"]
[Round "8.2"]
[White "Jacobson, Brandon"]
[Black "Ringoir, Tanguy"]
[Result "1/2-1/2"]
[WhiteElo "2470"]
[BlackElo "2498"]
[Annotator "TA"]
[PlyCount "47"]
[EventDate "2020.01.17"]
[EventType "tourn"]
[EventCountry "USA"]
[SourceTitle "playchess.com"]
[Source "ChessBase"]
[SourceQuality "1"]

{[%evp 30,34,3,0,0,0,26]} 1. c4 g6 2. d4 Nf6 3. Nc3 d5 4. cxd5 Nxd5 5. e4 Nxc3 6. bxc3 Bg7 7. Nf3 c5 8. Rb1 O-O 9. Be2 Nc6 10. d5 Ne5 11. Nxe5 Bxe5 12. Qd2 e6 13. f4 Bc7 14. O-O exd5 15. exd5 Ba5 16. f5 Bxf5 {D85: Exchange Grünfeld: Unusual White 7th moves and lines with 7 Nf3} 17. Rxb7 Qd6 {[#]} (17... Qf6 18. Rf3 Qe5 19. Bc4 Bc8 20. Rb3 Bc7 21. Qh6 Qe1+ 22. Rf1 Qe4 23. Bg5 Be5 24. Qh4 Qxh4 25. Bxh4 {1-0 (42) Aronian,L (2809)-Vachier Lagrave,M (2722) Paris/St Petersburg 2013}) {Predecessor:} 18. Bc4 $146 Rfb8 19. Rxb8+ Rxb8 20. Qe1 Rb1 21. g3 Bc7 22. Qe8+ Qf8 23. Qe2 Bh3 24. Re1 {½-½ (38) Ham,S (2587)-Dothan,Y (2588) ICCF email 2014} 1/2-1/2

[Event "Winter CCCSA-GM 2020"]
[Site "Charlotte"]
[Date "2020.01.20"]
[Round "8.3"]
[White "Yip, Carissa"]
[Black "Yu, Jennifer"]
[Result "1-0"]
[WhiteElo "2418"]
[BlackElo "2321"]
[Annotator "TA"]
[PlyCount "61"]
[EventDate "2020.01.17"]
[EventType "tourn"]
[EventCountry "USA"]
[SourceTitle "playchess.com"]
[Source "ChessBase"]
[SourceQuality "1"]

{[%evp 14,73,0,-10,-1,-16,50,18,73,20,10,1,24,16,39,33,60,72,78,69,97,79,129,114,104,91,91,91,93,95,330,320,248,184,295,106,118,72,58,0,0,0,96,81,168,165,418,337,422,378,381,369,497,491,2978,422,397,397,1570,1449,29980,2633]} 1. e4 e5 2. Bc4 Nf6 3. d3 Bc5 4. Nc3 Nc6 5. f4 d6 6. Nf3 a6 7. f5 Na5 8. Bg5 b5 {C30: King's Gambit Declined} 9. Bb3 Bd7 $146 ({Better is} 9... Bb7 $11) ({Predecessor:} 9... Bb7 10. Qd2 c6 11. O-O-O Nxb3+ 12. cxb3 Qb6 13. d4 exd4 14. Nxd4 Ng4 15. Nc2 {0-1 (39) Forcen Esteban,D (2457)-Chirila,I (2504) Benasque 2012}) 10. Qd2 h6 (10... Nxb3 $11 11. axb3 Bc6) 11. Bh4 (11. Bxf6 $16 Nxb3 12. axb3 (12. Bxd8 Nxd2 13. Nxe5 Rxd8 $11) 12... gxf6 13. O-O-O) 11... c6 12. Nd1 Qc7 13. c3 Nxb3 14. axb3 d5 15. Bxf6 gxf6 16. exd5 Bxf5 17. Ne3 Bd7 18. d4 Bd6 19. dxc6 Bxc6 20. dxe5 fxe5 21. Nd5 Qa7 $2 (21... Bxd5 $16 {might work better.} 22. Qxd5 O-O) 22. Nf6+ $18 {[%mdl 64] Discovered Attack} Ke7 23. O-O-O {[%csl Gd1][%cal Rd2d6]} Rad8 (23... Bc7 $142) 24. Nd5+ $2 (24. Qe2 $1 $18 {is the precise move to win.} Bxf3 25. Qxf3) 24... Kf8 $16 25. Qe1 Bb8 26. Qh4 (26. Nb4 $14 Rxd1+ 27. Kxd1 Bxf3+ 28. gxf3) 26... Rd6 $1 $11 (26... Rxd5 $6 27. Qf6 $16) 27. Qe4 Qe7 (27... Rg8 $11 {remains equal.}) 28. Rhe1 Qe6 (28... Bxd5 $16 29. Rxd5 Rxd5 30. Qxd5 Kg7) 29. Qb4 $40 {[%mdl 128] White attacks with force.} ({Much less strong is} 29. Qxe5 $6 Qxe5 30. Rxe5 Kg7 $14) 29... Kg7 $2 ({Wrong is} 29... Bxd5 $2 30. Rxe5 a5 31. Qc5 $18 (31. Rxe6 axb4 32. Rxd6 Bxb3 $18)) (29... a5 {was called for.} 30. Qc5 e4) 30. Rxe5 Qd7 31. Qd4 {Played: Re5-e7} 1-0

[Event "Winter CCCSA-GM 2020"]
[Site "Charlotte"]
[Date "2020.01.20"]
[Round "8.4"]
[White "Hong, Andrew"]
[Black "Panchanathan, Magesh Chandran"]
[Result "1-0"]
[WhiteElo "2428"]
[BlackElo "2482"]
[Annotator "TA"]
[PlyCount "63"]
[EventDate "2020.01.17"]
[EventType "tourn"]
[EventCountry "USA"]
[SourceTitle "playchess.com"]
[Source "ChessBase"]
[SourceQuality "1"]

{[%evp 24,63,79,79,86,72,74,61,61,64,68,66,77,59,75,67,79,64,75,67,99,100,138,138,208,208,197,181,441,427,950,915,29986,29987,29994,29995,29995,29996,29996,0,29979,29979]} 1. e4 e5 2. Nf3 Nc6 3. Bb5 a6 4. Ba4 Nf6 5. O-O Be7 6. Re1 b5 7. Bb3 d6 8. c3 O-O 9. h3 Na5 10. Bc2 c5 11. d4 Qc7 12. d5 c4 13. b4 cxb3 {C97: Closed Ruy Lopez: Chigorin Defence: 11 d4 Qc7, sidelines} 14. axb3 Bd7 15. Bd2 (15. Ba3 Bd8 16. Nbd2 Ne8 17. Bd3 Qxc3 18. Bxb5 axb5 19. Rc1 Qd3 20. Re3 Qxe3 21. fxe3 {1-0 (54) Sargsyan,S (2601)-Ernst,S (2541) Groningen 2019}) 15... Rfc8 {White is slightly better.} 16. Bd3 Be8 17. Na3 $146 ({Predecessor:} 17. Bf1 Nb7 18. b4 Nd7 19. Na3 Nb6 20. Be3 Bd8 21. Rc1 {1-0 (38) Kasparov,G-Donchenko,A (2395) Baku 1976}) 17... Nd7 18. Bf1 Bd8 19. Qb1 Qb8 20. Qa2 Nb6 21. Rec1 Nb7 22. b4 f5 23. exf5 Bf7 (23... h6 $16 24. Bd3 Bf6) 24. c4 $18 bxc4 25. Nxc4 ({Worse is} 25. Bxc4 a5 $11) 25... Nxd5 $2 {[#]} (25... Nxc4 26. Rxc4 (26. Bxc4 a5 $16) 26... Rxc4 27. Bxc4 a5 28. bxa5 Nxa5) 26. Ncxe5 $1 {[%mdl 512]} Rxc1 (26... dxe5 $142 27. Rxc8 Qxc8) 27. Nxf7 Rxa1 28. Qxd5 Kf8 {[#]} 29. Nh6 $1 {[%mdl 512]} gxh6 30. Bxh6+ Ke8 31. Qe6+ Be7 {And now ...Nd8 would win.} 32. f6 {[%mdl 64] Pin. Accuracy: White = 80%, Black = 32%.} 1-0

[Event "Winter CCCSA-GM 2020"]
[Site "Charlotte"]
[Date "2020.01.20"]
[Round "8.5"]
[White "Korley, Kassa"]
[Black "Paragua, Mark"]
[Result "1/2-1/2"]
[WhiteElo "2416"]
[BlackElo "2506"]
[Annotator "TA"]
[PlyCount "80"]
[EventDate "2020.01.17"]
[EventType "tourn"]
[EventCountry "USA"]
[SourceTitle "playchess.com"]
[Source "ChessBase"]
[SourceQuality "1"]

{[%evp 17,80,9,12,7,6,8,22,-17,-15,-24,-17,-32,9,13,12,-8,0,-2,-4,-28,10,-3,0,0,0,0,0,0,19,-45,-52,-47,-52,-75,-75,-74,-74,-79,-18,-29,0,-66,-66,-66,-66,-66,-66,-66,-66,-66,-66,-68,-8,-29,-7,-8,-8,-8,-8,-9,-8,-8,0,0,0]} 1. e4 c5 2. Nf3 d6 3. d4 cxd4 4. Nxd4 Nf6 5. Nc3 a6 6. g3 e5 7. Nde2 Be7 8. Bg2 O-O 9. O-O b5 10. Nd5 {B91: Sicilian Najdorf: 6 g3} Nbd7 11. Nec3 Bb7 12. a4 Nxd5 13. Nxd5 Bxd5 14. exd5 bxa4 15. Rxa4 {[#]} a5 $146 ({Predecessor:} 15... Bg5 16. Bxg5 Qxg5 17. Qe2 Nc5 {½-½ (43) Anand,V (2784)-Giri,A (2798) Zuerich 2016}) 16. Rc4 f5 17. f4 e4 18. Be3 a4 19. c3 a3 20. bxa3 Rxa3 21. g4 Bf6 22. gxf5 Re8 23. Qb1 (23. Qc2 $11) 23... Rxc3 $15 24. Rxc3 Bxc3 25. Rc1 Qa5 26. Qc2 Bb4 27. Qc6 Qa3 (27... Qd8 $17 {Hoping for ...Bc5.} 28. f6 gxf6) 28. Bd4 $1 $11 Qd3 29. Qxd7 (29. Bxg7 $1 $11 Qd2 30. Rb1) 29... Qxd4+ $15 {[%mdl 64] [#] Double Attack} 30. Kh1 {[%cal Rd7e8]} Kf8 31. f6 $1 Qxf6 {aiming for ...Qb2.} 32. Bxe4 $1 Qxf4 33. Qf5+ Qxf5 34. Bxf5 {[%mdl 4096] Endgame KRB-KRB} Re5 (34... g6 $15 35. Be6 Re7) 35. Rf1 Ke8 36. Bxh7 {The position is equal.} Rxd5 37. Bg6+ Ke7 38. Rf7+ Ke6 {...Rg5 is the strong threat.} 39. Rxg7 Kf6 40. Be4 Kxg7 {Accuracy: White = 59%, Black = 38%.} 1/2-1/2

[Event "Winter CCCSA-GM 2020"]
[Site "Charlotte"]
[Date "2020.01.21"]
[Round "9.3"]
[White "Yu, Jennifer"]
[Black "Hong, Andrew"]
[Result "0-1"]
[WhiteElo "2321"]
[BlackElo "2428"]
[Annotator "TA"]
[PlyCount "194"]
[EventDate "2020.01.17"]
[EventType "tourn"]
[EventCountry "USA"]
[SourceTitle "playchess.com"]
[Source "ChessBase"]
[SourceQuality "1"]

{[%evp 17,194,6,14,5,6,0,9,2,9,0,7,16,13,11,14,5,8,0,-12,-18,-18,-18,-17,-18,-17,-21,-18,-17,-28,-60,0,0,0,0,0,0,0,0,0,0,0,0,0,0,0,0,0,0,0,-13,0,-16,-18,-16,-16,-14,-31,-33,-33,-64,-64,-89,-89,-89,-11,-66,-66,-66,-66,-66,-66,-66,-66,-66,-66,-66,0,-66,0,-66,-66,-66,0,-66,-12,-19,0,0,0,-19,-19,-19,-19,-19,-19,-19,-19,-19,-19,-19,0,-19,-19,-19,-19,-19,-19,-19,-19,-19,-19,-19,-19,-19,-19,-19,-19,-19,-19,-26,-26,-26,-26,-26,-26,-26,-26,-26,-26,-26,0,0,0,-26,-26,-26,-26,-26,-26,-26,-26,-26,-26,-26,-26,-26,-26,-26,0,0,0,0,0,0,0,-12851,-12851,-12851,-27999,-29984,-29970,-12851,-12851,-12851,-27999,-12851,-29973,-29973,-29973,-12851,-29975,-12851,-29976,-12851,-29976,-12851,-29976,-12851,-27999]} 1. e4 c5 2. Nf3 Nc6 3. c4 e6 4. Nc3 Nf6 5. Be2 d5 6. cxd5 exd5 7. exd5 Nxd5 8. d4 Be7 9. O-O O-O 10. Nxd5 {C01: French: Exchange Variation} Qxd5 11. dxc5 (11. Be3 cxd4 12. Nxd4 Nxd4 13. Qxd4 Qxd4 14. Bxd4 Rd8 15. Rfd1 Be6 16. Bf3 Bd5 17. Bxd5 Rxd5 {½-½ (63) Bernadskiy,V (2594)-Gorodetzky,D (2461) Riga 2019}) 11... Qxd1 12. Rxd1 {The position is equal.} Bxc5 13. Bf4 Be6 14. Ng5 Nd4 15. Bd3 Bg4 16. Rdc1 Bb6 17. Bc7 $146 ({But not} 17. Nxh7 Rfe8 $17) ({Predecessor:} 17. Bd6 Rfe8 18. Bxh7+ {½-½ (58) Sedy,P (2215)-Chladny,R (2122) Ostrava 2006}) 17... h6 $36 {[%mdl 2048] Black is more active.} 18. Ne4 Be2 19. Bxb6 axb6 20. Bc4 Rfd8 21. Ng3 Bxc4 22. Rxc4 {[#]} Nb3 $1 {[%mdl 512]} 23. Re1 (23. axb3 Rxa1+) 23... Nc5 (23... Rxa2 $15 24. Rb4 Nc5) 24. a3 $11 Nd3 25. Re2 b5 26. Rc7 Nf4 {( -> ...Rd1+)} 27. Re1 Rd2 28. Rb1 Rad8 {Hoping for ...Rd1+.} 29. h3 b6 30. Rc6 Rd1+ 31. Rxd1 Rxd1+ {[%mdl 4096] Endgame KRN-KRN} 32. Kh2 Rd2 33. Ne4 Re2 34. Nc3 Rxb2 35. Rxb6 Rxf2 36. Kg3 Rc2 37. Kxf4 Rxc3 38. Rxb5 Rxa3 $15 {KR-KR} 39. Rb7 g5+ 40. Kg4 {[#]} Kg7 (40... Ra4+ $1 $17 41. Kf3 h5) 41. g3 (41. Kh5 $1 $11) 41... Kg6 {[%csl Gg6][%cal Rh6h5]} 42. Rb6+ f6 {[%csl Gg6][%cal Rh6h5]} 43. h4 h5+ 44. Kh3 g4+ $1 45. Kg2 Ra2+ 46. Kf1 Kf5 (46... Rh2 $15) 47. Rb4 ({Only move:} 47. Rb5+ $11 Kg6 48. Rb6) 47... Ke5 ({Black should try} 47... Ra5 $15) 48. Rc4 (48. Rb5+ $11 Ke4 49. Rb4+ Kf5 50. Rb5+ Kg6 51. Rb6) 48... Rd2 (48... Ra3 {with more complications.} 49. Kg2 Kf5 50. Rb4 Ra5 51. Rb6 Ra2+) 49. Ra4 Rc2 (49... Rd5 $15) 50. Rb4 (50. Ra5+ $11 Ke4 51. Rxh5) 50... f5 (50... Rc5 $15) 51. Ra4 Kd5 52. Rf4 Ke5 53. Ra4 Rd2 54. Rb4 Rd4 55. Rb8 f4 56. Re8+ $1 Kd5 {Threatening ...f3.} 57. gxf4 $1 Rxf4+ 58. Kg2 Rf3 59. Ra8 Rf5 60. Ra5+ Ke4 61. Ra4+ Kd3 62. Ra3+ Kc4 63. Ra4+ Kb5 64. Re4 Rd5 65. Rf4 Kc5 66. Ra4 Kd6 67. Ra6+ Ke5 68. Rh6 Kf4 {...Rd2+ is the strong threat.} 69. Rf6+ Rf5 70. Ra6 Re5 {Strongly threatening ...Re2+.} 71. Rf6+ Ke4 72. Ra6 Ke3 73. Rb6 Re8 74. Rh6 Re5 75. Ra6 Rd5 76. Re6+ $1 Kd2 77. Re8 $1 Kc3 78. Rc8+ Kd4 79. Ra8 Ke4 {aiming for ...Rd2+.} 80. Re8+ Re5 81. Ra8 Kf5 82. Ra2 Re3 83. Ra5+ $1 Kf4 {White must now prevent ...Re2+.} (83... Kg6 {is more complex.} 84. Rc5 Rh3 85. Rc6+ Kh7 86. Rc7+ Kg8) 84. Rxh5 Re2+ 85. Kf1 Ra2 86. Rh8 $2 {[%mdl 8192]} (86. Rg5 $11) 86... Kg3 $19 87. h5 Kh2 88. h6 g3 89. Rg8 Rf2+ 90. Ke1 Rf7 91. Rg5 g2 92. Rh5+ Kg3 93. Rg5+ Kf3 94. Rg8 Re7+ (94... Rh7 $19 95. Rf8+ Kg3) 95. Kd2 Kf2 96. Rf8+ Kg3 97. Rg8+ Kh2 {Accuracy: White = 65%, Black = 64%.} 0-1

[Event "Winter CCCSA-GM 2020"]
[Site "Charlotte"]
[Date "2020.01.21"]
[Round "9.4"]
[White "Plotkin, Mark"]
[Black "Yip, Carissa"]
[Result "0-1"]
[WhiteElo "2395"]
[BlackElo "2418"]
[Annotator "TA"]
[PlyCount "128"]
[EventDate "2020.01.17"]
[EventType "tourn"]
[EventCountry "USA"]
[SourceTitle "playchess.com"]
[Source "ChessBase"]
[SourceQuality "1"]

{[%evp 11,150,1,23,21,60,58,68,25,52,45,50,43,47,-25,-14,-17,-12,-12,-12,-12,-12,-12,-15,-20,-15,-27,-30,-47,-44,-58,-49,-58,-12,-32,-19,-12,-27,-34,-15,-22,-20,-19,-31,-28,-27,-29,-11,-42,-22,-28,-15,-75,0,0,-9,-8,0,-6,0,0,7,-7,0,-26,-26,-31,-12,-13,-12,-12,-12,-12,-13,-8,0,-26,-17,-27,-22,-16,-27,-45,-37,-38,-33,-43,0,0,0,-180,-183,-200,-215,-288,-59,-77,-80,-88,-78,-131,-131,-119,-110,-133,-143,-161,-149,-182,-87,-82,-72,-69,-68,-312,-297,-307,-296,-374,-374,-642,-641,-608,-604,-596,-577,-1460,-1562,-1482,-1302,-5237,-5057,-2641,-599,-5408,-5733,-5106,-5097,-29981,-29982,-29976,-29973]} 1. e4 c5 2. Nf3 d6 3. d4 cxd4 4. Nxd4 Nf6 5. Nc3 Nc6 6. f4 e6 7. Be3 {B82: Sicilian Scheveningen: 6 f4} (7. Nb3 a6 8. Qf3 Qc7 9. Bd3 b5 10. O-O Bb7 11. Bd2 Be7 12. Rae1 h5 13. a4 b4 14. Nd1 Na5 15. Ne3 Nxb3 16. cxb3 {1-0 (43) Tomczak,J (2631)-Heberla,B (2556) Warsaw 2019}) 7... a6 8. Qf3 Bd7 9. Nb3 {White is slightly better.} Qc7 10. g4 Nb4 11. Bd3 Bc6 $146 ({Predecessor:} 11... d5 12. e5 Ne4 13. Bxe4 dxe4 14. Qf2 Bc6 {1-0 (29) Mallahi,A (2300)-Pakavira Teheran 1997}) 12. g5 ({Better is} 12. Nd4 $14) 12... Nxe4 $1 $11 13. Bxe4 d5 14. O-O-O ({Don't blunder} 14. Bd3 $2 d4 $19) 14... dxe4 15. Qf2 Nd5 {White must now prevent ...Nxc3.} 16. Nxe4 O-O-O 17. Rhf1 {Black should prevent Bd4.} Nxe3 18. Qxe3 Be7 19. Rde1 Kb8 20. Kb1 Bb5 21. Rg1 Bb4 22. Rc1 Bc4 23. a3 Be7 24. Ned2 Rd5 25. Qc3 Bxb3 26. Qxc7+ Kxc7 27. cxb3+ Kb8 28. Nc4 Rf5 29. Rgf1 Rd8 30. Ne3 Rb5 {next ...Bxa3! is good for Black.} 31. b4 (31. Rc3 $11 {remains equal.}) 31... Rd3 (31... a5 $17 32. Rfd1 axb4) 32. Rc3 $1 {[%cal Rc3d3]} Rd4 33. Rc4 Rd3 34. Re4 Rd2 35. h4 g6 36. Rd1 Rbd5 37. Kc1 Rxd1+ 38. Nxd1 {[%mdl 4096] Endgame KRB-KRN} Rd7 39. Ne3 Bd8 40. Kc2 Bb6 41. Nc4 Bf2 42. Ne5 Rc7+ 43. Kd2 Bxh4 44. Rd4 Kc8 45. Nc4 Re7 46. b5 axb5 47. Nd6+ Kc7 {Strongly threatening ...e5.} 48. Nxb5+ Kc6 (48... Kb6 $5 {[%cal Rb6b5]} 49. Nc3 f5 $15) 49. Na7+ $1 Kc7 {aiming for ...e5.} 50. Rc4+ $2 (50. Nb5+ $1 $11 {and White has nothing to worry.} Kb6 51. Nc3) 50... Kb8 $19 51. Nb5 {[#]} e5 $1 52. Re4 Rd7+ $2 (52... Bg3 $19 53. fxe5 Rxe5) 53. Ke2 Rd5 54. Nc3 Rc5 55. fxe5 ({White should try} 55. Kd3) 55... Bxg5 $17 56. Kd3 Rc6 57. b4 h5 58. b5 Re6 59. Ne2 h4 (59... Re8 $19 60. Nd4 Rd8) 60. Nd4 Re8 61. Nf3 Bd8 {Hoping for ...g5.} 62. Rd4 $2 ({Only move:} 62. Nxh4 $15 Bxh4 63. Rxh4) 62... h3 63. Ke4 Bc7 64. Rd7 {[#]} h2 {Played: Bc7xe5} 0-1

[Event "Winter CCCSA-GM 2020"]
[Site "Charlotte"]
[Date "2020.01.20"]
[Round "9.5"]
[White "Paragua, Mark"]
[Black "Jacobson, Brandon"]
[Result "1/2-1/2"]
[WhiteElo "2506"]
[BlackElo "2470"]
[Annotator "TA"]
[PlyCount "34"]
[EventDate "2020.01.17"]
[EventType "tourn"]
[EventCountry "USA"]
[SourceTitle "playchess.com"]
[Source "ChessBase"]
[SourceQuality "1"]

{[%evp 20,21,0,0]} 1. Nf3 d5 2. d4 Nf6 3. c4 c6 4. cxd5 cxd5 5. Nc3 Nc6 6. Bf4 Bf5 7. e3 e6 8. Bd3 Bxd3 9. Qxd3 Bd6 10. Bxd6 Qxd6 11. O-O {Predecessor:} O-O $146 12. Rfc1 Rfc8 13. h3 Nb4 14. Qd1 Nc6 15. Qd3 Nb4 16. Qd1 Nc6 17. Qd3 Nb4 {½-½ (17) Bu,X (2767)-Lu,S (2610) Shenyang 2019} 1/2-1/2